000 00552nam a2200181Ia 4500
005 20250923144504.0
008 008 250917s9999 xx 000 0 eng d
037 _aTextual
040 _aDSWL
_beng
_cDSWL
041 _aeng
_2eng
084 _qDSWL
100 _aRichards, M.D.
_9825405
245 0 _aSocio economic surveys of girls service in central govt.offices ,residing in vinay nagar colony , New Delhi-3
_cby M.D. Richards
260 _aNew Delhi
_c1954
300 _aiv,82p.
942 _cTEXL
999 _c1439513
_d1439513